| 000 | 00725nam a2200193 a 4500 | ||
|---|---|---|---|
| 005 | 20160204190719.0 | ||
| 008 | 140304t1999 it fr|||| 00| 0 eng d | ||
| 040 |
_aCO-BoIAVH _cCO-BoIAVH |
||
| 041 | 1 |
_aspa _hfre _heng |
|
| 044 | _ait | ||
| 082 | 0 | 4 |
_a363.1791 _bO68n |
| 110 | 2 | _bOrganización de las Naciones Unidas para la Agricultura y la Alimentación | |
| 245 |
_aNormas internacionales para medidas fitosanitarias : _bglosario de términos fitosanitarios, norma de referencia |
||
| 260 |
_aRoma : _bOrganización de la Naciones Unidas para la Agricultura y la Alimentación, _cc1999. |
||
| 300 |
_a37 páginas ; _c30 x 21 cm. |
||
| 650 | 1 | 6 | _aFitosanidad |
| 650 | 2 | 6 | _aGlosarios |
| 942 |
_cLIBRO _2ddc |
||
| 999 |
_c2177 _d2177 |
||